00402nam a2200157Ia 4500008004100000020001800041040001900059041001200078082002400090100001900114245003900133260002400172300002200196650000800218850001800226131103s9999 xx 000 0 und d a0 913592 64 1 aLoreto College aEnglish aMIS/CALbLCBED/7301 aCalden, George aI count - you countcGeorge Calden aU.S.A.bArgusc1976 axv,206p. c 22cm. aMis aLCBED/MIS/CAL